[Event "SRB-chT2 East CS"]
[Site "Kragujevac"]
[Date "2016.10.06"]
[Round "6.2"]
[White "Banjovic, Sasa"]
[Black "Djokic, Nebojsa"]
[Result "1/2-1/2"]
[WhiteElo "2180"]
[BlackElo "2231"]
[PlyCount "27"]
[EventDate "2016.08.26"]
[EventType "team-tourn"]
[EventRounds "11"]
[EventCountry "SRB"]
[SourceTitle "EXT 2021"]
[Source "ChessBase"]
[SourceDate "2020.10.23"]
[SourceVersion "1"]
[SourceVersionDate "2020.10.23"]
[SourceQuality "1"]

1. b3 Nf6 2. Bb2 g6 3. Bxf6 exf6 4. g3 Bg7 5. Bg2 f5 6. Nc3 0-0 7. e3 d6 8. Nge2 h5 9. h4 Nd7 10. Nf4 c6 11. 0-0 Re8 12. d4 Nf6 13. Qd3 d5 14. b4 1/2-1/2

[Event "SRB-chT2 East"]
[Site "Vrnjacka Banja"]
[Date "2015.10.09"]
[Round "8.55"]
[White "Maksimovic, Boban"]
[Black "Banjovic, Sasa"]
[Result "1/2-1/2"]
[WhiteElo "2216"]
[BlackElo "2139"]
[PlyCount "31"]
[EventDate "2015.08.28"]
[EventType "team-tourn"]
[EventRounds "11"]
[EventCountry "SRB"]
[SourceTitle "EXT 2022"]
[Source "ChessBase"]
[SourceDate "2021.10.06"]
[SourceVersion "1"]
[SourceVersionDate "2021.10.06"]
[SourceQuality "1"]

1. c4 f5 2. g3 Nf6 3. Bg2 d6 4. Nc3 e5 5. e4 Nc6 6. Nge2 Be7 7. d4 0-0 8. 0-0 Nxe4 9. Nxe4 fxe4 10. d5 Nb8 11. Nc3 Qe8 12. Nxe4 Qg6 13. Be3 Bf5 14. f3 Nd7 15. Nf2 Nf6 16. Qd2 1/2-1/2

[Event "SRB Central-chT qual"]
[Site "Nis"]
[Date "2014.10.04"]
[Round "5"]
[White "Jovanovic, Dragoslav"]
[Black "Banjovic, Sasa"]
[Result "0-1"]
[WhiteElo "2035"]
[BlackElo "2154"]
[PlyCount "57"]
[EventDate "2014.10.02"]
[EventType "team-tourn"]
[EventRounds "7"]
[EventCountry "SRB"]
[SourceTitle "CBM 163 Extra"]
[Source "ChessBase"]
[SourceDate "2014.12.23"]
[SourceVersion "1"]
[SourceVersionDate "2014.12.23"]
[SourceQuality "1"]

1. e4 e6 2. d4 d5 3. exd5 exd5 4. Nf3 Bd6 5. h3 Ne7 6. Bd3 Nbc6 7. 0-0 h6 8. c3 Be6 9. Be3 Qd7 10. Nh2 0-0-0 11. Nd2 Nf5 12. Bxf5 Bxf5 13. Re1 g5 14. Ndf1 Be6 15. Qd2 Rdg8 16. Re2 Ne7 17. f4 gxf4 18. Bxf4 Bxh3 19. Bxd6 Qxd6 20. Qe3 Be6 21. Qe5 Qd8 22. Rf2 h5 23. Re1 h4 24. Re3 Kb8 25. b4 Rg6 26. Rf6 Nc6 27. Rxg6 Nxe5 28. Rxe6 fxe6 29. Rxe5 0-1

[Event "SRB Central-chT qual"]
[Site "Nis"]
[Date "2014.10.02"]
[Round "1"]
[White "Rilak, Slavoljub"]
[Black "Banjovic, Sasa"]
[Result "0-1"]
[WhiteElo "2099"]
[BlackElo "2154"]
[PlyCount "68"]
[EventDate "2014.10.02"]
[EventType "team-tourn"]
[EventRounds "7"]
[EventCountry "SRB"]
[SourceTitle "CBM 163 Extra"]
[Source "ChessBase"]
[SourceDate "2014.12.23"]
[SourceVersion "1"]
[SourceVersionDate "2014.12.23"]
[SourceQuality "1"]

1. e4 e6 2. d4 d5 3. exd5 exd5 4. Bd3 Bd6 5. Nc3 c6 6. Nge2 Qc7 7. Bg5 Bg4 8. Qd2 f6 9. Bf4 Ne7 10. Bxd6 Qxd6 11. Qf4 Qxf4 12. Nxf4 g5 13. h3 Bf5 14. Bxf5 Nxf5 15. Nfe2 Nd7 16. 0-0-0 0-0-0 17. g4 Nh4 18. Ng3 f5 19. gxf5 Rhf8 20. Rde1 Nxf5 21. Nxf5 Rxf5 22. Re7 h5 23. Nd1 Rdf8 24. Rhe1 Nf6 25. R1e6 Ne4 26. Rh6 h4 27. Rhh7 Nd6 28. Rc7+ Kb8 29. Rcd7 R5f7 30. Rdxf7 Rxf7 31. Rxf7 Nxf7 32. Kd2 Nd8 33. Ne3 Ne6 34. Ng2 Nxd4 0-1

[Event "Belgrade tt Cup"]
[Site "Belgrade"]
[Date "2011.04.15"]
[Round "3"]
[White "Jovanovic, Ivan"]
[Black "Banjovic, Sasa"]
[Result "1-0"]
[WhiteElo "1976"]
[BlackElo "2174"]
[PlyCount "83"]
[EventDate "2011.04.13"]
[EventType "team-tourn"]
[EventRounds "5"]
[EventCountry "SRB"]
[SourceTitle "CBM 141 Extra"]
[Source "ChessBase"]
[SourceDate "2011.05.03"]
[SourceVersion "1"]
[SourceVersionDate "2011.05.03"]
[SourceQuality "1"]

1. d4 f5 2. c4 g6 3. g3 d6 4. Bg2 Nf6 5. Nc3 c6 6. e3 Bg7 7. b4 0-0 8. Bb2 Kh8 9. Nge2 Be6 10. d5 Bg8 11. Nf4 Qb6 12. a3 a5 13. Na4 Qa6 14. c5 Nbd7 15. cxd6 cxd5 16. dxe7 Rfe8 17. Nxd5 Nxd5 18. Bxg7+ Kxg7 19. Bxd5 Rxe7 20. Qd4+ Ne5 21. Bxg8 Kxg8 22. Qd5+ Kh8 23. b5 Qf6 24. 0-0 Rd7 25. Qg2 Nd3 26. Rfd1 Rc8 27. Rab1 Rc2 28. Rxd3 Rxd3 29. Qxb7 Rxa3 30. Nc5 Ra1 31. Qc8+ Kg7 32. Ne6+ Qxe6 33. Qxc2 Rxb1+ 34. Qxb1 Qb6 35. Qd3 Kf6 36. Qc4 Ke5 37. Kf1 Kd6 38. Ke2 h5 39. h4 Kd7 40. Kd3 Kd8 41. Kc3 Ke7 42. Kb3 1-0

[Event "SRB-chT quality"]
[Site "Belgrade"]
[Date "2010.10.29"]
[Round "9"]
[White "Zmijanac, Dusko"]
[Black "Banjovic, Sasa"]
[Result "1-0"]
[WhiteElo "2190"]
[BlackElo "2185"]
[PlyCount "45"]
[EventDate "2010.10.09"]
[EventType "team-tourn"]
[EventRounds "11"]
[EventCountry "YUG"]
[SourceTitle "EXT 2011"]
[Source "ChessBase"]
[SourceDate "2010.11.26"]
[SourceVersion "1"]
[SourceVersionDate "2010.11.26"]
[SourceQuality "1"]

1. d4 f5 2. g3 d6 3. Nf3 Nf6 4. Bg2 g6 5. 0-0 Bg7 6. b3 0-0 7. Bb2 c6 8. Nbd2 Kh8 9. Re1 Be6 10. c4 d5 11. Qc2 Nbd7 12. Rac1 Rc8 13. Qd3 Qa5 14. a3 Ne4 15. b4 Qd8 16. Rc2 Bg8 17. Rec1 e6 18. b5 Nb6 19. c5 Nd7 20. a4 h6 21. Nb3 Rb8 22. Ne5 Nxe5 23. dxe5 1-0

[Event "Belgrade-chT Quality"]
[Site "Belgrade"]
[Date "2009.11.03"]
[Round "11"]
[White "Zivkovic, Sava"]
[Black "Banjovic, Sasa"]
[Result "1/2-1/2"]
[WhiteElo "2268"]
[BlackElo "2165"]
[PlyCount "83"]
[EventDate "2009.10.11"]
[EventType "team-tourn"]
[EventRounds "11"]
[EventCountry "YUG"]
[SourceTitle "CBM 133 Extra"]
[Source "ChessBase"]
[SourceDate "2010.01.05"]
[SourceVersion "1"]
[SourceVersionDate "2010.01.05"]
[SourceQuality "1"]

1. e4 e6 2. d4 d5 3. Nd2 a6 4. Ngf3 c5 5. dxc5 Bxc5 6. Bd3 Nf6 7. Qe2 dxe4 8. Nxe4 Nxe4 9. Qxe4 Bd7 10. Qe5 Bf8 11. 0-0 Bc6 12. Nd4 Qd5 13. Nxc6 Nxc6 14. Qc7 Bd6 15. Qxb7 0-0 16. Qb6 Ne5 17. Be2 Bc5 18. Qb3 Qe4 19. Bd1 Rfd8 20. Qg3 Rac8 21. Bg5 Rd7 22. Bf6 Ng6 23. Bc3 f5 24. Re1 Qc6 25. Bh5 Bd6 26. Qf3 Qc4 27. Bxg6 hxg6 28. Qe2 Kf7 29. Qxc4 Rxc4 30. Rad1 Rcc7 31. Kf1 Be7 32. Rxd7 Rxd7 33. Ke2 Bf6 34. Bxf6 Kxf6 35. Rd1 Rc7 36. c3 Ke5 37. h4 Rc4 38. g3 Ra4 39. a3 Re4+ 40. Kf3 Rc4 41. Rd7 Rc6 42. Ke3 1/2-1/2

[Event "Belgrade-chT Quality"]
[Site "Belgrade"]
[Date "2009.10.31"]
[Round "9"]
[White "Banjovic, Sasa"]
[Black "Zivkovic, Dejan"]
[Result "1/2-1/2"]
[WhiteElo "2165"]
[BlackElo "2231"]
[PlyCount "30"]
[EventDate "2009.10.11"]
[EventType "team-tourn"]
[EventRounds "11"]
[EventCountry "YUG"]
[SourceTitle "CBM 133 Extra"]
[Source "ChessBase"]
[SourceDate "2010.01.05"]
[SourceVersion "1"]
[SourceVersionDate "2010.01.05"]
[SourceQuality "1"]

1. d4 Nf6 2. c4 g6 3. Nc3 d5 4. cxd5 Nxd5 5. e4 Nb6 6. Bd3 Bg7 7. Nge2 0-0 8. Be3 c6 9. 0-0 N8d7 10. e5 e6 11. f4 Nd5 12. Nxd5 cxd5 13. Nc3 a6 14. a4 Nb8 15. b4 Nc6 1/2-1/2

[Event "YUG-chT"]
[Site "Nis"]
[Date "1995.??.??"]
[Round "?"]
[White "Banjovic, Sasa"]
[Black "Manakova, Maria"]
[Result "1-0"]
[WhiteElo "2210"]
[BlackElo "2385"]
[PlyCount "87"]
[EventDate "1995.??.??"]
[EventType "team-swiss"]
[EventRounds "11"]
[EventCountry "YUG"]
[SourceTitle "EXT 2000"]
[Source "ChessBase"]
[SourceDate "1999.11.16"]
[SourceVersion "1"]
[SourceVersionDate "1999.11.16"]
[SourceQuality "1"]

1. d4 g6 2. c4 Bg7 3. Nc3 d6 4. e4 Nd7 5. Be2 e5 6. Nf3 Ne7 7. 0-0 0-0 8. Be3 exd4 9. Nxd4 Nc6 10. Nc2 Nc5 11. f3 f5 12. exf5 Bxf5 13. Qd2 Bxc2 14. Qxc2 Nd4 15. Qd2 Nce6 16. Rad1 c6 17. Bd3 Qh4 18. Be4 Rad8 19. Qf2 Qxf2+ 20. Rxf2 Rd7 21. Rfd2 c5 22. Bd5 Re8 23. Nb5 Nxb5 24. cxb5 Rf7 25. Bb3 Be5 26. Rxd6 Bxd6 27. Rxd6 Kg7 28. Bxe6 Rfe7 29. Bxc5 Rxe6 30. Rd7+ Kg8 31. Rxb7 Re1+ 32. Kf2 R1e2+ 33. Kg3 Rxb2 34. a4 Ree2 35. Rxa7 g5 36. Kg4 Re5 37. Bd6 Rxg2+ 38. Kh3 Ree2 39. b6 Rgf2 40. b7 Rxf3+ 41. Kg4 Rb3 42. b8Q+ Rxb8 43. Bxb8 Rg2+ 44. Bg3 1-0